Francais e l'epreuve de la crise (Les) (Record n. 80247)
[ formato base ]
| 000 -LEADER | |
|---|---|
| fixed length control field | 01062nam a2200289Ia 4500 |
| 001 - CONTROL NUMBER | |
| control field | G2490 |
| 003 - CONTROL NUMBER IDENTIFIER | |
| control field | IT-RoPAU |
| 008 - FIXED-LENGTH DATA ELEMENTS--GENERAL INFORMATION | |
| fixed length control field | 130308s9999 xx 000 0 und d |
| 040 ## - CATALOGING SOURCE | |
| Original cataloging agency | IT-RoPAU |
| 040 ## - CATALOGING SOURCE | |
| Transcribing agency | IT-RoPAU |
| 041 ## - LANGUAGE CODE | |
| Language code of text/sound track or separate title | FRANCESE |
| 100 ## - MAIN ENTRY--PERSONAL NAME | |
| Personal name | Dupoirier Elisabeth |
| 100 ## - MAIN ENTRY--PERSONAL NAME | |
| Miscellaneous information | Codice Aut. SPICS: 43375 |
| 245 ## - TITLE STATEMENT | |
| Title | Francais e l'epreuve de la crise (Les) |
| 245 ## - TITLE STATEMENT | |
| Remainder of title | Etat de l'opinion 1994 (L') |
| 250 ## - EDITION STATEMENT | |
| Edition statement | 1a ed. |
| 260 ## - PUBLICATION, DISTRIBUTION, ETC. (IMPRINT) | |
| Place of publication, distribution, etc. | PARIS |
| 260 ## - PUBLICATION, DISTRIBUTION, ETC. (IMPRINT) | |
| Name of publisher, distributor, etc. | Seuil |
| 260 ## - PUBLICATION, DISTRIBUTION, ETC. (IMPRINT) | |
| Date of publication, distribution, etc. | 1994 [1° Ed.:1994 - Ed.Ling.Originale:1994] |
| 300 ## - PHYSICAL DESCRIPTION | |
| Extent | "21 p. (prefazione: no ; testo: 21 [pagine: 55-75])" |
| 500 ## - GENERAL NOTE | |
| General note | Francesi Alla prova della Crisi. cambiamenti Decisivi nella rappresentazione della Crisi. Evoluzione del Potere di Acquisto, prospettive Economiche, Problema della Disoccupazione, Effetti della Crisi Sulla Fine della Legislatura Socialista. Effetto Balladur. sondaggi Sull'Ottimismo per Il Futuro. |
| 650 ## - SUBJECT ADDED ENTRY--TOPICAL TERM | |
| Topical term or geographic name as entry element | SOCIOLOGIA DELLA COMUNICAZIONE SOCIALE |
| 650 ## - SUBJECT ADDED ENTRY--TOPICAL TERM | |
| Relator term | Codice materia Spics: 3806 |
| 942 ## - ADDED ENTRY ELEMENTS (KOHA) | |
| Koha item type | LIBRO |
| 957 ## - | |
| -- | 1 |
| 999 ## - SYSTEM CONTROL NUMBERS (KOHA) | |
| -- | 1 |
| Withdrawn status | Lost status | Damaged status | Not for loan | Home library | Current library | Date acquired | Total Checkouts | Full call number | Date last seen | Price effective from | Koha item type | Public note |
|---|---|---|---|---|---|---|---|---|---|---|---|---|
| Buone Condizioni | Not For Loan | SPICS-MEDIATECA | SPICS-MEDIATECA | 08/03/2013 | G2490 | 08/03/2013 | 08/03/2013 | LIBRO | Progressivo inserimento: 14126 / N. Volumi: 0 [=Contributo] Copie: 1 / data import: 1 marzo 2013 - By Epidotti, Trombetti, Vaglietti. |